000
00338nam a2200145Ia 4500
008
230605s1986 xx 000 0 und d
041
_a
eng
100
_a
Buttle
245
_a
Hotel and Food Service Marketing
260
_b
Cassell
_c
1986
300
_a
414p
520
_a
Hard Board
520
_a
Reference Copy
650
_a
F & B Ser.
999
_c
420077
_d
420077